|
|
|
|
| LEADER |
00000nab a2200000 r4500 |
| 001 |
vtls011833838 |
| 003 |
SK-MaSNL |
| 005 |
20260305032117.0 |
| 008 |
190114c2018 xo wr|p|||||||000 b|slo |
| 015 |
|
|
|a SNBRB2019/01
|
| 038 |
|
|
|a PPPK
|
| 040 |
|
|
|a PPPKCL
|b slo
|e rda
|
| 041 |
0 |
|
|a slo
|
| 043 |
|
|
|a e-xo---
|
| 044 |
|
|
|a xo
|c SK
|
| 072 |
|
7 |
|a 796
|x Šport. Hry. Telesné cvičenia
|2 konspekt
|
| 080 |
|
|
|a 796.332
|2 2011
|
| 080 |
|
|
|a 796.332.071.2
|2 2011
|
| 100 |
1 |
|
|a Klein, Michal
|4 aut
|9 383673
|
| 245 |
1 |
0 |
|a Ocenili regionálnych futbalistov za rok 2018
|c Michal Klein ; Snímka: Eva Vaščurová
|
| 300 |
|
|
|b Fotografie
|
| 336 |
|
|
|a text
|b txt
|2 rdacontent
|
| 337 |
|
|
|a bez média
|b n
|2 rdamedia
|
| 338 |
|
|
|a zväzok
|b nc
|2 rdacarrier
|
| 610 |
2 |
7 |
|a Podtatranský futbalový zväz (Poprad, Slovensko)
|2 pppkcl
|
| 610 |
2 |
7 |
|a Hotel Agro (Veľká Lomnica, Slovensko)
|2 pppkcl
|9 1570497
|
| 611 |
2 |
7 |
|a Jedenástka roka 6. OMV ligy Podtatranského futbalového zväzu
|n (14. :
|d 2018 :
|c Poprad, Slovensko)
|2 pppkcl
|9 1611035
|
| 648 |
|
7 |
|a 15.12.2018
|2 pppkcl
|9 1247917
|
| 650 |
0 |
7 |
|a šport
|2 pppkcl
|9 1042
|
| 650 |
0 |
7 |
|a futbal
|2 pppkcl
|9 3291
|
| 650 |
0 |
7 |
|a futbalisti
|2 pppkcl
|9 43771
|
| 650 |
0 |
7 |
|a ankety
|2 pppkcl
|9 29502
|
| 651 |
|
7 |
|a Veľká Lomnica (Slovensko)
|2 pppkcl
|9 26701
|
| 651 |
|
7 |
|a Kežmarok (Slovensko : okres)
|2 pppkcl
|9 51824
|
| 651 |
|
7 |
|a Poprad (Slovensko : okres)
|2 pppkcl
|9 28675
|
| 773 |
0 |
|
|t Podtatranské noviny
|g Roč. LIX, č. 51-52 (2018), s. 5
|x 1210-2423
|
| 852 |
|
|
|a PPPK
|b KIS3GCP
|
| 999 |
|
|
|c 3318764
|d 3320694
|